[Event "San Francisco TNM Summer op"]
[Site "San Francisco"]
[Date "2014.05.27"]
[Round "1"]
[White "Robertson, Guy"]
[Black "Doyle, Bryon"]
[Result "0-1"]
[WhiteElo "1524"]
[BlackElo "2056"]
[PlyCount "120"]
[EventDate "2014.05.27"]
[EventType "swiss"]
[EventRounds "8"]
[EventCountry "USA"]
[SourceTitle "EXT 2016"]
[Source "ChessBase"]
[SourceDate "2015.10.08"]
[SourceVersion "1"]
[SourceVersionDate "2015.10.08"]
[SourceQuality "1"]

1. Nf3 Nf6 2. g3 g6 3. Bg2 Bg7 4. d3 c5 5. e4 d6 6. 0-0 Nc6 7. Nbd2 0-0 8. a4 Rb8 9. Nc4 Bg4 10. h3 Be6 11. Qe2 Nd7 12. Ng5 Nd4 13. Qd1 Bxc4 14. dxc4 h6 15. Nf3 Nxf3+ 16. Bxf3 Ne5 17. Be2 Nc6 18. c3 Qb6 19. f4 e6 20. Rb1 Bxc3 21. bxc3 Qxb1 22. Qxd6 Rbd8 23. Qxc5 Qxe4 24. Bf3 Qf5 25. Qf2 Rd7 26. g4 Z0 27. Qc2 Qc5+ 28. Kg2 Rfd8 29. f5 exf5 30. gxf5 Qxf5 31. Be4 Qh5 32. Bd5 Rxd5 33. cxd5 Qxd5+ 34. Kh2 Kg7 35. c4 Qe6 36. Bb2+ Kh7 37. Qc3 Nd4 38. Rf2 Qe5+ 39. Kg2 Qe4+ 40. Kh2 Kg8 41. c5 Rd5 42. Qg3 Rd8 43. Qc7 Rf8 44. Qd6 Ne6 45. Qd2 Qh4 46. Bf6 g5 47. Rg2 Qf4+ 48. Qxf4 Nxf4 49. Rg4 Nh5 50. Be7 Re8 51. Bd6 f5 52. Rg2 f4 53. a5 a6 54. h4 Ng3 55. hxg5 hxg5 56. Kh3 Re2 57. Rg1 Ne4 58. Be7 Re3+ 59. Kh2 Re2+ 60. Kh3 Nf2+ 0-1

[Event "San Francisco TNM Spring op"]
[Site "San Francisco"]
[Date "2014.04.22"]
[Round "6"]
[White "Manvelyan, Hovik"]
[Black "Doyle, Bryon"]
[Result "0-1"]
[WhiteElo "2030"]
[BlackElo "2064"]
[PlyCount "76"]
[EventDate "2014.03.18"]
[EventType "swiss"]
[EventRounds "8"]
[EventCountry "USA"]
[SourceTitle "EXT 2016"]
[Source "ChessBase"]
[SourceDate "2015.10.08"]
[SourceVersion "1"]
[SourceVersionDate "2015.10.08"]
[SourceQuality "1"]

1. e4 e5 2. Nc3 Nc6 3. g3 Nf6 4. Bg2 Bc5 5. Na4 Be7 6. Ne2 d6 7. d4 exd4 8. Nxd4 Bd7 9. Nc3 Qc8 10. h3 Nxd4 11. Qxd4 0-0 12. g4 Re8 13. g5 Nxe4 14. Nxe4 f5 15. b3 c5 16. Qd5+ Be6 17. Qd3 c4 18. Qd4 fxe4 19. Bb2 Bf8 20. b4 a5 21. a3 axb4 22. axb4 Rxa1+ 23. Bxa1 d5 24. Bc3 Qd7 25. h4 Bd6 26. h5 Bf5 27. Qxd5+ Be6 28. Qd4 Bxb4 29. Qe3 Bxc3+ 30. Qxc3 Qb5 31. Qd2 c3 32. Qc1 Bg4 33. Bf1 Qd5 34. Rh4 Bf3 35. Be2 Rd8 36. Bxf3 exf3 37. Rf4 Re8+ 38. Kf1 Qd2 0-1

[Event "San Francisco Neil Falconer op"]
[Site "San Francisco"]
[Date "2013.09.24"]
[Round "8"]
[White "Whitehead, Paul A"]
[Black "Doyle, Bryon"]
[Result "1/2-1/2"]
[WhiteElo "2385"]
[BlackElo "2046"]
[PlyCount "94"]
[EventDate "2013.08.06"]
[EventType "swiss"]
[EventRounds "9"]
[EventCountry "USA"]
[SourceTitle "EXT 2016"]
[Source "ChessBase"]
[SourceDate "2015.10.08"]
[SourceVersion "1"]
[SourceVersionDate "2015.10.08"]
[SourceQuality "1"]

1. Nf3 Nf6 2. g3 g6 3. Bg2 Bg7 4. 0-0 0-0 5. d3 c5 6. e4 d6 7. Nc3 Nc6 8. h3 Rb8 9. a4 a6 10. Be3 Nd7 11. d4 cxd4 12. Nxd4 Nde5 13. b3 Qa5 14. Nd5 Qd8 15. c4 e6 16. Nc3 Nb4 17. Na2 Nec6 18. Nxb4 Nxb4 19. Qd2 Nc6 20. Rad1 Na5 21. Qd3 e5 22. Ne2 Be6 23. Qc3 b5 24. axb5 axb5 25. Bc5 bxc4 26. Rxd6 Qc7 27. b4 Nb7 28. Rxe6 Nxc5 29. bxc5 fxe6 30. Qxc4 Rbc8 31. Rc1 Qf7 32. c6 Bh6 33. f4 exf4 34. gxf4 e5 35. Qd5 exf4 36. Bf3 Rfd8 37. Qb5 Qa7+ 38. Kg2 Qe7 39. Rc5 Rd6 40. e5 Qg5+ 41. Kh2 Rd2 42. Bg4 Qh4 43. Qb3+ Kh8 44. Qf3 Rc7 45. e6 Rd3 46. Qxd3 Qf2+ 47. Kh1 Qf1+ 1/2-1/2

[Event "San Francisco Neil Falconer op"]
[Site "San Francisco"]
[Date "2013.09.17"]
[Round "7"]
[White "Doyle, Bryon"]
[Black "Manvelyan, Hovik"]
[Result "1-0"]
[WhiteElo "2046"]
[BlackElo "1922"]
[PlyCount "51"]
[EventDate "2013.08.06"]
[EventType "swiss"]
[EventRounds "9"]
[EventCountry "USA"]
[SourceTitle "EXT 2016"]
[Source "ChessBase"]
[SourceDate "2015.10.08"]
[SourceVersion "1"]
[SourceVersionDate "2015.10.08"]
[SourceQuality "1"]

1. e4 e6 2. d4 d5 3. e5 c5 4. Nf3 Qb6 5. Bd3 Bd7 6. 0-0 Bb5 7. Bxb5+ Qxb5 8. Nc3 Qd7 9. Ne2 Nc6 10. c3 cxd4 11. cxd4 h6 12. Be3 Bb4 13. a3 Ba5 14. Ng3 Nge7 15. Nh5 0-0 16. Bxh6 Nf5 17. Bxg7 Bd8 18. Bf6 Kh7 19. Ng5+ Kh6 20. Nf4 Ng7 21. Bxg7+ Kxg7 22. Qg4 Bxg5 23. Qxg5+ Kh8 24. Qf6+ Kh7 25. Nh5 Rg8 26. Qh4 1-0

[Event "San Francisco Neil Falconer op"]
[Site "San Francisco"]
[Date "2013.08.27"]
[Round "4"]
[White "Hakobyan, Sos"]
[Black "Doyle, Bryon"]
[Result "1/2-1/2"]
[WhiteElo "1844"]
[BlackElo "2046"]
[PlyCount "94"]
[EventDate "2013.08.06"]
[EventType "swiss"]
[EventRounds "9"]
[EventCountry "USA"]
[SourceTitle "EXT 2016"]
[Source "ChessBase"]
[SourceDate "2015.10.08"]
[SourceVersion "1"]
[SourceVersionDate "2015.10.08"]
[SourceQuality "1"]

1. e4 e5 2. Nf3 Nc6 3. Bc4 Nf6 4. d4 exd4 5. 0-0 Nxe4 6. Re1 d5 7. Bg5 Be7 8. Bxe7 Nxe7 9. Qxd4 0-0 10. Bxd5 Qxd5 11. Qxd5 Nxd5 12. Rxe4 c6 13. c4 Nf6 14. Re3 Be6 15. b3 Rfd8 16. Nbd2 Rd7 17. Ne4 Nxe4 18. Rxe4 Rad8 19. h3 h6 20. Rae1 Rd1 21. Kh2 Kf8 22. Rxd1 Rxd1 23. Rd4 Rxd4 24. Nxd4 Ke7 25. Kg3 Bd7 26. c5 b6 27. b4 bxc5 28. bxc5 g5 29. f4 Kf6 30. a3 a5 31. a4 Ke7 32. Kf3 Kf6 33. Ke4 gxf4 34. Kxf4 h5 35. h4 Bg4 36. Nxc6 Bd1 37. Nxa5 Bxa4 38. c6 Ke6 39. g4 hxg4 40. h5 f5 41. c7 Bd7 42. Nc4 Kf6 43. Ne3 Bc8 44. Nd5+ Kg7 45. Ne7 Bd7 46. Nxf5+ Kf6 47. h6 Kg6 1/2-1/2

[Event "San Francisco TNM Summer op"]
[Site "San Francisco"]
[Date "2013.07.16"]
[Round "8"]
[White "Watson, Farid"]
[Black "Doyle, Bryon"]
[Result "1/2-1/2"]
[WhiteElo "2027"]
[BlackElo "2052"]
[PlyCount "60"]
[EventDate "2013.05.28"]
[EventType "swiss"]
[EventRounds "8"]
[EventCountry "USA"]
[SourceTitle "EXT 2016"]
[Source "ChessBase"]
[SourceDate "2015.10.08"]
[SourceVersion "1"]
[SourceVersionDate "2015.10.08"]
[SourceQuality "1"]

1. e4 e5 2. Nf3 Nc6 3. Bb5 a6 4. Ba4 Nf6 5. 0-0 Be7 6. d3 b5 7. Bb3 d6 8. a4 Bb7 9. c3 0-0 10. Nbd2 Na5 11. Bc2 c5 12. d4 cxd4 13. cxd4 Qc7 14. Bd3 Rfc8 15. axb5 axb5 16. d5 Nc4 17. Rxa8 Rxa8 18. b3 Nxd2 19. Bxd2 h6 20. Qb1 Qb6 21. Rc1 Ng4 22. Be1 f5 23. h3 Nf6 24. Bb4 fxe4 25. Bxe4 Bxd5 26. Bxd5+ Nxd5 27. Qe4 Nc7 28. Nxe5 d5 29. Qe1 Bxb4 30. Qxb4 Qe6 1/2-1/2